Normal view
MARC view
Entry Personal Name
001 - CONTROL NUMBER
- control field: 26917
003 - CONTROL NUMBER IDENTIFIER
- control field: ARRUPE
005 - DATE AND TIME OF LATEST TRANSACTION
- control field: 20161024143341.0
008 - FIXED-LENGTH DATA ELEMENTS
- fixed length control field: 161024|| aca||aabn | a|a d
040 ## - CATALOGING SOURCE
- Original cataloging agency: ARRUPE
- Transcribing agency: ARRUPE
100 ## - HEADING--PERSONAL NAME
- Personal name: Wallis, Ethel Emily.
670 ## - SOURCE DATA FOUND
- Source citation: Work cat.: (ARRUPE)0: Wallis, Ethel Emily., Two thousand tongues to go;, 1960